LEADER 00816nam0-2200313---450- 001 990008255940403321 005 20060116102053.0 035 $a000825594 035 $aFED01000825594 035 $a(Aleph)000825594FED01 035 $a000825594 100 $a20060116d1921----km-y0itay50------ba 101 0 $aita 102 $aIT 105 $a--------001yy 200 1 $aFlamenca$fSantorre Debenedetti 210 $aTorino$cChiantore$dc1921 215 $a46 p.$d21 cm 225 1 $aOpuscoli di filologia romanza$v1 610 0 $aFlamenca 676 $a841.1 700 1$aDebenedetti,$bSantorre$f<1878-1948>$0184165 801 0$aIT$bUNINA$c20060116$gRICA$2UNIMARC 901 $aBK 912 $a990008255940403321 952 $aF.Russo 1714$fBAT 959 $aBAT 996 $aFlamenca$9137619 997 $aUNINA LEADER 01121nam--2200373---450- 001 990001150330203316 005 20100823114532.0 010 $a978-88-06-20120-3 035 $a000115033 035 $aUSA01000115033 035 $a(ALEPH)000115033USA01 035 $a000115033 100 $a20030603d2010----km-y0itay50------ba 101 0 $aita 102 $aIT 105 $ay|||||||001yy 200 1 $aVita di Alberto Pirelli (1882-1971)$ela politica attraverso l'economia$fNicola Tranfaglia 210 $aTorino$cEinaudi$d2010 215 $aXV, 340 p.$d23 cm 225 2 $aEinaudi storia$v32 410 0$12001$aEinaudi storia 600 1$aPirelli,$bAlberto 676 $a338.76783092 700 1$aTRANFAGLIA,$bNicola$0128172 801 0$aIT$bsalbc$gISBD 912 $a990001150330203316 951 $a338.767 TRA 1$b224172 L.M.$c338.767$d00263064 959 $aBK 969 $aECO 979 $aMARIA$b10$c20030603$lUSA01$h0954 979 $aPATRY$b90$c20040406$lUSA01$h1720 979 $aANNAMARIA$b90$c20100823$lUSA01$h1145 996 $aVita di Alberto Pirelli (1882-1971)$9246103 997 $aUNISA